000 00537nam a2200205Ia 4500
003 OSt
005 20221006151450.0
006 a|||||r|||| 00| 0
007 ta
008 221006b |||||||| |||| 00| 0 eng d
024 _a22,219
037 _cTextual
040 _aEASL
_cEASL
_beng
041 _2eng
_aeng
245 0 _aConference on the problems of modernization in Asia and the Pacific
260 _aHawaii
_bHonolulu East West Center
_c1970
300 _a135p.
_ccm.
942 _cTEXL
_2CC
999 _c1090305
_d1090305